<?xml version="1.0" encoding="UTF-8"?>
<record
    xmlns:xsi="http://www.w3.org/2001/XMLSchema-instance"
    xsi:schemaLocation="http://www.loc.gov/MARC21/slim http://www.loc.gov/standards/marcxml/schema/MARC21slim.xsd"
    xmlns="http://www.loc.gov/MARC21/slim">

  <leader>01713nam a22002777i 4500</leader>
  <datafield tag="999" ind1=" " ind2=" ">
    <subfield code="c">22915</subfield>
    <subfield code="d">22915</subfield>
  </datafield>
  <controlfield tag="003">AR-CdUCM</controlfield>
  <controlfield tag="008">240522b20222022 pe||||| |||| 00| 0 spa d</controlfield>
  <datafield tag="020" ind1=" " ind2=" ">
    <subfield code="a">978-612-49070-1-2</subfield>
  </datafield>
  <datafield tag="040" ind1=" " ind2=" ">
    <subfield code="a">MUNICIPALIDAD PROVINCIAL DEL CUSCO</subfield>
    <subfield code="c">BIBLIOTECA MUNICIPAL DEL CUSCO</subfield>
  </datafield>
  <datafield tag="082" ind1=" " ind2=" ">
    <subfield code="a">498.5 / P23</subfield>
    <subfield code="b">P23</subfield>
  </datafield>
  <datafield tag="100" ind1=" " ind2=" ">
    <subfield code="a">Panizo, Agust&#xED;n.</subfield>
  </datafield>
  <datafield tag="245" ind1=" " ind2=" ">
    <subfield code="a">Contra el silencio : </subfield>
    <subfield code="b">Lenguas originarias y justicia ling&#xFC;&#xED;stica / </subfield>
  </datafield>
  <datafield tag="260" ind1=" " ind2=" ">
    <subfield code="a">Lima : </subfield>
    <subfield code="b">Ministerio de Cultura del Per&#xFA;,</subfield>
    <subfield code="b">Proyecto Especial Bicentenario de la Independencia del Per&#xFA;,</subfield>
    <subfield code="c">2022</subfield>
  </datafield>
  <datafield tag="300" ind1=" " ind2=" ">
    <subfield code="a">180 p&#xE1;ginas. :</subfield>
    <subfield code="c">21 cm.</subfield>
  </datafield>
  <datafield tag="500" ind1=" " ind2=" ">
    <subfield code="z">Bibliograf&#xED;a: p&#xE1;ginas 163 - 168</subfield>
  </datafield>
  <datafield tag="505" ind1=" " ind2=" ">
    <subfield code="a">Extranjeros en su propio pa&#xED;s -- El mundo es un corral de lenguas -- Un pa&#xED;s de muchas lenguas -- La importancia de las lenguas --  &#xA1;Kukama kakiri! -- Los tres compradores de palabras o el poder de la lengua -- Ind&#xED;genas a mucha honra y por derecho --  La arremetida del silencio: las lenguas ind&#xED;genas peruanas est&#xE1;n desapareciendo -- Mar&#xED;a Antonia y las lenguas ind&#xED;genas oficiales en el Per&#xFA; -- La infinita mitolog&#xED;a de los Ticuna -- La urgente tarea de escribir diccionarios de nuestras lenguas ind&#xED;genas --  Del tupay al tinkuy y al tinkiy</subfield>
  </datafield>
  <datafield tag="650" ind1=" " ind2=" ">
    <subfield code="a">Un pa&#xED;s de muchas lenguas</subfield>
    <subfield code="9">49940</subfield>
  </datafield>
  <datafield tag="650" ind1=" " ind2=" ">
    <subfield code="a">La importancia de las lenguas</subfield>
    <subfield code="9">49941</subfield>
  </datafield>
  <datafield tag="650" ind1=" " ind2=" ">
    <subfield code="a">&#xA1;Kukama kakiri!</subfield>
    <subfield code="9">49942</subfield>
  </datafield>
  <datafield tag="650" ind1=" " ind2=" ">
    <subfield code="a">Ind&#xED;genas a mucha honra y por derecho</subfield>
    <subfield code="9">49943</subfield>
  </datafield>
  <datafield tag="650" ind1=" " ind2=" ">
    <subfield code="a">La arremetida del silencio: las lenguas ind&#xED;genas peruanas est&#xE1;n desapareciendo</subfield>
    <subfield code="9">49944</subfield>
  </datafield>
  <datafield tag="650" ind1=" " ind2=" ">
    <subfield code="a">La urgente tarea de escribir diccionarios de nuestras lenguas ind&#xED;genas</subfield>
    <subfield code="9">49945</subfield>
  </datafield>
  <datafield tag="856" ind1=" " ind2=" ">
    <subfield code="f">www.bicentenario.gob.pe/biblioteca</subfield>
  </datafield>
  <datafield tag="942" ind1=" " ind2=" ">
    <subfield code="2">ddc</subfield>
    <subfield code="c">LIBROS</subfield>
  </datafield>
  <datafield tag="945" ind1=" " ind2=" ">
    <subfield code="a">pbj</subfield>
    <subfield code="d">2024-05-22</subfield>
  </datafield>
  <datafield tag="952" ind1=" " ind2=" ">
    <subfield code="0">0</subfield>
    <subfield code="2">ddc</subfield>
    <subfield code="4">0</subfield>
    <subfield code="7">0</subfield>
    <subfield code="a">SH</subfield>
    <subfield code="b">SH</subfield>
    <subfield code="c">CART</subfield>
    <subfield code="d">2024-05-22</subfield>
    <subfield code="e">Dep&#xF3;sito Legal</subfield>
    <subfield code="g">20.00</subfield>
    <subfield code="o">498.5 / P23</subfield>
    <subfield code="p">SH0000016752</subfield>
    <subfield code="r">2024-05-22</subfield>
    <subfield code="y">LIBROS</subfield>
  </datafield>
</record>
